| 000 | 01524cam a22004454i 4500 | ||
|---|---|---|---|
| 003 | PE-LiUPU | ||
| 005 | 20250731173013.0 | ||
| 008 | 150616s r 000 0 d | ||
| 035 | _a(Sirsi) a2294 | ||
| 040 |
_aPE-LiUPU _bspa _cPE-LiUPU _erda |
||
| 049 | _aPRUA | ||
| 082 | 0 | 4 |
_a262.13 _bN714h _221 |
| 100 | 1 |
_aNin y Silva, Celedonio, _d1875- _eautor. |
|
| 245 | 1 | 0 |
_aHistoria política de los papas: Desde la Revolución Francesa a nuestros días / _cCeledonio Nin y Silva. |
| 264 | 1 |
_aMontevideo : _bEditorial Independencia, _c1943. |
|
| 300 |
_a200 páginas ; _c23 cm. |
||
| 336 |
_atext _2rdacontent |
||
| 337 |
_aunmediated _2rdamedia |
||
| 338 |
_avolume _2rdacarrier |
||
| 505 | 0 | _aPío VI -- Pío VII -- León XII -- Gregorio XVI -- Pío IX -- Causas del desarrollo del catolicismo en Europa durante el siglo XIX -- León XIII. | |
| 526 | _aSEG42 | ||
| 526 | _aSEG41 | ||
| 526 | _aSEG40 | ||
| 526 | _aSEG39 | ||
| 526 | _aP94 | ||
| 526 | _aP87 | ||
| 526 | _aP86 | ||
| 526 | _aP85 | ||
| 526 | _aP77 | ||
| 526 | _aP76 | ||
| 526 | _aP35 | ||
| 610 | 2 |
_aIglesia Católica _xHistoria |
|
| 610 | 2 |
_aIglesia Católica _xRelaciones Exteriores. |
|
| 650 | 0 | 4 |
_aIglesia y el Estado _xIglesia Católica. |
| 910 | _ajck | ||
| 942 |
_2ddc _cBOOK |
||
| 949 |
_a282 N62 _wDEWEY _c1 _i06141 _lCCODEBUL1 _mBUL _p00.00 _r0 _sY _tBOOK _u2015-04-23 _xTEOLOGIA _zUNKNOWN _0COMPRA _o.STAFF. Colección General |
||
| 980 |
_81 _gALBERTO SANCHEZ Responsable de Automatización |
||
| 999 |
_c23561 _d23561 |
||